书目信息 |
| 题名: |
关于苏中边界问题
|
|
| 作者: | 普罗霍罗夫 著 ;北京印刷三厂工人理论组 , 近代史所《沙俄侵华史》编写组 译 ;黑龙江大学俄语系研究室 译 | |
| 分册: | ||
| 出版信息: | 北京 商务印书馆 1977 |
|
| 页数: | 259页 | |
| 开本: | 20cm | |
| 丛书名: | ||
| 单 册: | ||
| 中图分类: | D829.13 | |
| 科图分类: | ||
| 主题词: | 外交--中国 | |
| 电子资源: | ||
| ISBN: | ||
| 000 | 01090nam0 2200241 450 | |
| 001 | 0656283187 | |
| 005 | 20060801154051.90 | |
| 010 | @dCNY0.86 | |
| 100 | @a20060801d1977 km y0chiy0120 ea | |
| 101 | 0 | @achi@crus |
| 102 | @aCN@b110000 | |
| 200 | 1 | @a关于苏中边界问题@Aguan yu su zhong bian jie wen ti@f(苏)普罗霍罗夫著@F(su)pu luo huo luo fu zhu@g北京印刷三厂工人理论组,近代史所《沙俄侵华史》编写组,黑龙江大学俄语系研究室译@Gbei jing yin shua san chang gong ren li lun zu,jin dai shi suo《sha e qin hua shi》bian xie zu,hei long jiang da xue e yu xi yan jiu shi yi |
| 210 | @a北京@c商务印书馆@d1977 | |
| 215 | @a259页@d20cm | |
| 300 | @a附录:俄汉译名对照表 | |
| 606 | 0 | @a外交@x中国 |
| 690 | @aD829.13@v3 | |
| 701 | 0 | @a普罗霍罗夫@Apu luo huo luo fu@4著 |
| 702 | 0 | @a北京印刷三厂工人理论组@Abei jing yin shua san chang gong ren li lun zu@4译 |
| 702 | 0 | @a近代史所《沙俄侵华史》编写组@Ajin dai shi suo《sha e qin hua shi》bian xie zu@4译 |
| 712 | 0 | @a黑龙江大学俄语系研究室@Ahei long jiang da xue e yu xi yan jiu shi@4译 |
| 801 | 0 | @aCN@bPFT@c20060801 |
| 905 | @a10447@dD829.13@e87 | |
| 关于苏中边界问题/(苏)普罗霍罗夫著/北京印刷三厂工人理论组,近代史所《沙俄侵华史》编写组,黑龙江大学俄语系研究室译.-北京:商务印书馆,1977 |
| 259页;20cm |
| 附录:俄汉译名对照表 |
| ISBN :CNY0.86 |
| ● |
| 相关链接 |
|
|
|
|
正题名:关于苏中边界问题
索取号:D829.13/87
 
预约/预借
| 序号 | 登录号 | 条形码 | 馆藏地/架位号 | 状态 | 备注 |
| 1 | 0441287 | 204412876 | 密集书库/ [索取号:D829.13/87] | 在馆 |